skbl

Dr Suryya Kumar Bhuyan Library Web-OPAC
ডঃ সূৰ্য্য
কুমাৰ ভূঞা পুথিভঁৰাল ৱেব-অ'পেক

All Research Scholars are advised to clear the annual library fees to continue using Library Resources, Remote Access, Plagiarism Test and Library Clearance.

Cotton University Book Fair 2026

Kitab-Ul-Hayaan / (Record no. 40916)

MARC details
000 -LEADER
fixed length control field 00622nam a2200241Ia 4500
001 - CONTROL NUMBER
control field 40946
005 - DATE AND TIME OF LATEST TRANSACTION
control field 20240114003359.0
007 - PHYSICAL DESCRIPTION FIXED FIELD--GENERAL INFORMATION
fixed length control field ta
008 - FIXED-LENGTH DATA ELEMENTS--GENERAL INFORMATION
fixed length control field 080129s1967 g b000 u 297 u
040 ## - CATALOGING SOURCE
Original cataloging agency Cotton College,Assam
041 ## - LANGUAGE CODE
Language code of text/sound track or separate title 297
082 ## - DEWEY DECIMAL CLASSIFICATION NUMBER
Classification number 294.14
Item number Um 1 Ki
100 ## - MAIN ENTRY--PERSONAL NAME
Personal name Umar, Abi Uthman .
245 #0 - TITLE STATEMENT
Title Kitab-Ul-Hayaan /
Statement of responsibility, etc. Abi Uthman Umar.
Medium Textual Documents
250 ## - EDITION STATEMENT
Edition statement 1st ed. /
260 ## - PUBLICATION, DISTRIBUTION, ETC.
Place of publication, distribution, etc. Kulfa :
Name of publisher, distributor, etc. Abdus Salam Mohd. ,
Date of publication, distribution, etc. 1967.
300 ## - PHYSICAL DESCRIPTION
Extent 515p. ;
Dimensions 22cm.
653 ## - INDEX TERM--UNCONTROLLED
Uncontrolled term Religious Literature
653 ## - INDEX TERM--UNCONTROLLED
Uncontrolled term G-Arabic
942 ## - ADDED ENTRY ELEMENTS (KOHA)
Source of classification or shelving scheme Dewey Decimal Classification
Koha item type Books
Holdings
Withdrawn status Lost status Damaged status Not for loan Collection Home library Current library Date acquired Coded location qualifier Total checkouts Full call number Barcode Date last seen Copy number Price effective from Koha item type
          Dr. Suryya Kumar Bhuyan Library Dr. Suryya Kumar Bhuyan Library 01/02/2012 00000   294.14 Um 1 Ki 2336/New 14/01/2024 1 01/02/2012 Books

Designed and Maintained by Team SKBL
©1901-2026

Powered by Koha